000 00392nam a2200169Ia 4500
008 210210b1933 xxu||||| |||| 00| 0 eng d
041 _aeng
082 _a534/47
100 _aGRIMSEHL (E )
245 _aTextbook of physics
260 _aLondon
_bBlackie & Son (India) Ltd.,
_c1933
300 _a301
650 _aTextbook
650 _aphysics
690 _aPhysics
906 _a008535
999 _c126482
_d126482